การจัดระบบองค์การมหาชนอิสระในกระบวนการจัดทำบริการสาธารณะในประเทศไทย / (ระเบียนเลขที่ 30768)
| 000 -LEADER | |
|---|---|
| fixed length control field | 01872nam a22003017a 4500 |
| 003 - CONTROL NUMBER IDENTIFIER | |
| control field | NALT |
| 005 - DATE AND TIME OF LATEST TRANSACTION | |
| control field | 20241121105205.0 |
| 008 - FIXED-LENGTH DATA ELEMENTS--GENERAL INFORMATION | |
| fixed length control field | s2539 th tha d |
| 040 ## - CATALOGING SOURCE | |
| Original cataloging agency | NALT |
| 041 ## - LANGUAGE CODE | |
| Language code of text/sound track or separate title | tha |
| 090 ## - LOCALLY ASSIGNED LC-TYPE CALL NUMBER (OCLC); LOCAL CALL NUMBER (RLIN) | |
| Classification number (OCLC) (R) ; Classification number, CALL (RLIN) (NR) | ว KE75 ว435ก 2539 |
| 100 0# - MAIN ENTRY--PERSONAL NAME | |
| Personal name | วันเพ็ญ ทรัพย์ส่งเสริม |
| 245 10 - TITLE STATEMENT | |
| Title | การจัดระบบองค์การมหาชนอิสระในกระบวนการจัดทำบริการสาธารณะในประเทศไทย / |
| Statement of responsibility, etc. | วันเพ็ญ ทรัพย์ส่งเสริม |
| 260 3# - PUBLICATION, DISTRIBUTION, ETC. | |
| Place of publication, distribution, etc. | กรุงเทพฯ : |
| Name of publisher, distributor, etc. | มหาวิทยาลัยธรรมศาสตร์, |
| Date of publication, distribution, etc. | 2539 |
| 300 ## - PHYSICAL DESCRIPTION | |
| Extent | 266 หน้า ; |
| Other physical details | 30 ซม. |
| 650 04 - SUBJECT ADDED ENTRY--TOPICAL TERM | |
| Topical term or geographic name entry element | ศูนย์มานุษยวิทยาสิรินธร -- กฎหมายและระเบียบข้อบังคับ |
| 650 04 - SUBJECT ADDED ENTRY--TOPICAL TERM | |
| Topical term or geographic name entry element | พัฒนาวิทยาศาสตร์และเทคโนโลยี (พ.ร.บ.) -- 2534 |
| 650 04 - SUBJECT ADDED ENTRY--TOPICAL TERM | |
| Topical term or geographic name entry element | นิติบุคคล |
| 650 04 - SUBJECT ADDED ENTRY--TOPICAL TERM | |
| Topical term or geographic name entry element | กองทุนสนับสนุนการวิจัย (พ.ร.บ.) -- 2535 |
| 650 04 - SUBJECT ADDED ENTRY--TOPICAL TERM | |
| Topical term or geographic name entry element | บริการสาธารณะ |
| 650 04 - SUBJECT ADDED ENTRY--TOPICAL TERM | |
| Topical term or geographic name entry element | มหาวิทยาลัยวลัยลักษณ์ (พ.ร.บ.) -- 2535 |
| 650 04 - SUBJECT ADDED ENTRY--TOPICAL TERM | |
| Topical term or geographic name entry element | สถาบันวิจัยระบบสาธารณสุข (พ.ร.บ.) -- 2535 |
| 650 04 - SUBJECT ADDED ENTRY--TOPICAL TERM | |
| Topical term or geographic name entry element | มหาวิทยาลัยเทคโนโลยีสุรนารี (พ.ร.บ.) -- 2533 |
| 650 04 - SUBJECT ADDED ENTRY--TOPICAL TERM | |
| Topical term or geographic name entry element | องค์การมหาชนอิสระ -- บริการสาธารณะ -- วิจัย |
| 850 ## - HOLDING INSTITUTION | |
| Holding institution | NALT |
| 942 ## - ADDED ENTRY ELEMENTS (KOHA) | |
| Koha item type | Research/Thesis |
| Source of classification or shelving scheme | Library of Congress Classification |
| 998 ## - STAFF NAME (NALT) | |
| -- | 8 |
| -- | นายบัณฑิต อุทาวงค์ |
| Withdrawn status | Lost status | Damaged status | Not for loan | Collection code | Home library | Current library | Date acquired | Total Checkouts | Full call number | Barcode | Date last seen | Date last checked out | Price effective from | Koha item type |
|---|---|---|---|---|---|---|---|---|---|---|---|---|---|---|
| Research & Theses collection | National Assembly Library of Thailand | National Assembly Library of Thailand | 15/08/2023 | 3 | ว KE75 ว435ก 2539 | 3961141627 | 25/11/2024 | 21/11/2024 | 09/06/2017 | Research/Thesis |
